Mapa Ecológico zonas de vida de Costa Rica (Registro nro. 12194)
[ vista simple ]
| 000 -CABECERA | |
|---|---|
| campo de control de longitud fija | 00796nem a22003017a 4500 |
| 005 - FECHA Y HORA DE ACTUALIZACIÓN | |
| campo de control | 20190812190131.0 |
| 008 - LONGITUD FIJA | |
| campo de control de longitud fija | 190801b xxu||||| |||| 00| 0 spa d |
| 041 ## - IDIOMA | |
| Código de idioma del texto/pista de sonido o título separado | |
| 082 ## - CLASIFICACIÓN DECIMAL DEWEY | |
| Número de clasificación | Mapas |
| 245 ## - TÍTULO PROPIAMENTE DICHO | |
| Título | Mapa Ecológico zonas de vida de Costa Rica |
| 260 ## - PIE DE IMPRENTA | |
| Lugar de publicación, distribución, etc. | Costa Rica |
| 260 ## - PIE DE IMPRENTA | |
| Nombre del editor, distribuidor, etc. | Centro Científico Tropical |
| 260 ## - PIE DE IMPRENTA | |
| Fecha de publicación, distribución, etc. | 2006 |
| 650 ## - Materia General | |
| Materia general | COSTA RICA |
| 650 ## - Materia General | |
| Materia general | MAPA ECOLÓGICO |
| 650 ## - Materia General | |
| Materia general | ZONAS DE VIDA |
| 650 ## - Materia General | |
| Materia general | MATERIAL DIDÁCTICO |
| 650 ## - Materia General | |
| Materia general | NICOYA |
| 650 ## - Materia General | |
| Materia general | GOLFITO |
| 650 ## - Materia General | |
| Materia general | LIBERIA |
| 650 ## - Materia General | |
| Materia general | SAN JOSÉ |
| 650 ## - Materia General | |
| Materia general | TALAMANCA |
| 650 ## - Materia General | |
| Materia general | QUEPOS |
| 650 ## - Materia General | |
| Materia general | LIMÓN |
| 650 ## - Materia General | |
| Materia general | SAN CARLOS |
| 650 ## - Materia General | |
| Materia general | BARRA DEL COLORADO |
| 942 ## - Punto de Acceso Adicional Koha | |
| Tipo de ítem Koha | Mapa |
| Estado perdido | Estado dañado | No para préstamo | Biblioteca permanente | Biblioteca actual | Signatura completa | Código de barras | Tipo de ítem |
|---|---|---|---|---|---|---|---|
| Departamento de Biblioteca y Documentación Alfonso Chase Brenes | Departamento de Biblioteca y Documentación Alfonso Chase Brenes | Mapas | ME01 | Mapa | |||
| Departamento de Biblioteca y Documentación Alfonso Chase Brenes | Departamento de Biblioteca y Documentación Alfonso Chase Brenes | Mapas | ME02 | Mapa | |||
| Departamento de Biblioteca y Documentación Alfonso Chase Brenes | Departamento de Biblioteca y Documentación Alfonso Chase Brenes | Mapas | ME03 | Mapa | |||
| Departamento de Biblioteca y Documentación Alfonso Chase Brenes | Departamento de Biblioteca y Documentación Alfonso Chase Brenes | Mapas | ME04 | Mapa | |||
| Departamento de Biblioteca y Documentación Alfonso Chase Brenes | Departamento de Biblioteca y Documentación Alfonso Chase Brenes | Mapas | ME05 | Mapa | |||
| Departamento de Biblioteca y Documentación Alfonso Chase Brenes | Departamento de Biblioteca y Documentación Alfonso Chase Brenes | Mapas | ME06 | Mapa | |||
| Departamento de Biblioteca y Documentación Alfonso Chase Brenes | Departamento de Biblioteca y Documentación Alfonso Chase Brenes | Mapas | ME07 | Mapa | |||
| Departamento de Biblioteca y Documentación Alfonso Chase Brenes | Departamento de Biblioteca y Documentación Alfonso Chase Brenes | Mapas | ME08 | Mapa | |||
| Departamento de Biblioteca y Documentación Alfonso Chase Brenes | Departamento de Biblioteca y Documentación Alfonso Chase Brenes | Mapas | ME09 | Mapa | |||
| Departamento de Biblioteca y Documentación Alfonso Chase Brenes | Departamento de Biblioteca y Documentación Alfonso Chase Brenes | Mapas | ME10 | Mapa | |||
| Departamento de Biblioteca y Documentación Alfonso Chase Brenes | Departamento de Biblioteca y Documentación Alfonso Chase Brenes | Mapas | ME11 | Mapa |